[Event "BL2-Ost 2223"]
[Site "Germany"]
[Date "2023.03.19"]
[Round "10.6"]
[White "Schimpf, Markus"]
[Black "Lipok, Christoph"]
[Result "0-1"]
[WhiteElo "2257"]
[BlackElo "2274"]
[PlyCount "90"]
[EventDate "2022.10.22"]
[EventType "team-tourn"]
[EventRounds "10"]
[EventCountry "GER"]
[SourceTitle "EXT 2024"]
[Source "ChessBase"]
[SourceDate "2023.10.10"]
[SourceVersion "1"]
[SourceVersionDate "2023.10.10"]
[SourceQuality "1"]
[WhiteTeam "Garching"]
[BlackTeam "Goeggingen"]
[WhiteTeamCountry "GER"]
[BlackTeamCountry "GER"]

1. d4 d5 2. Bf4 c5 3. e3 Nc6 4. c3 Nf6 5. Nd2 Bf5 6. Ngf3 e6 7. Qa4 Qb6 8. Bb5 a6 9. Bxc6+ Qxc6 10. Qxc6+ bxc6 11. Nb3 Nd7 12. Ne5 Nxe5 13. Bxe5 f6 14. Bc7 Kd7 15. Bg3 c4 16. Nc5+ Bxc5 17. dxc5 e5 18. f4 Ke6 19. fxe5 fxe5 20. b4 a5 21. a3 axb4 22. cxb4 Ra4 23. 0-0 Rha8 24. Be1 Rxa3 25. Bc3 Be4 26. g3 Ra2 27. Rxa2 Rxa2 28. Ra1 Rc2 29. Ra3 Bf5 30. h3 g6 31. g4 Be4 32. Ba1 h5 33. b5 Rc1+ 34. Kf2 hxg4 35. hxg4 Rxa1 36. Rxa1 cxb5 37. Ra6+ Kd7 38. Rb6 c3 39. Ke2 Kc7 40. Rxb5 Kc6 41. Ra5 d4 42. exd4 exd4 43. g5 d3+ 44. Ke3 d2 45. Ra1 Bc2 0-1

[Event "Oberliga Bayern 1920"]
[Site "Bayern"]
[Date "2020.09.13"]
[Round "8.4"]
[White "Schimpf, Markus"]
[Black "Guttenthaler, Franz"]
[Result "1/2-1/2"]
[WhiteElo "2207"]
[BlackElo "2252"]
[PlyCount "31"]
[EventDate "2019.10.20"]
[EventType "team-tourn"]
[EventRounds "9"]
[EventCountry "GER"]
[SourceTitle "EXT 2022"]
[Source "ChessBase"]
[SourceDate "2021.10.06"]
[SourceVersion "1"]
[SourceVersionDate "2021.10.06"]
[SourceQuality "1"]
[WhiteTeam "Garching II"]
[BlackTeam "Weilheim"]
[WhiteTeamCountry "GER"]
[BlackTeamCountry "GER"]

1. d4 e6 2. Bf4 c5 3. e3 cxd4 4. exd4 Qb6 5. b3 Nc6 6. Nf3 Nf6 7. c3 d5 8. Bd3 Be7 9. 0-0 Bd7 10. Nbd2 0-0 11. Ne5 Rfd8 12. Nxd7 Rxd7 13. Qe2 Rc8 14. Nf3 g6 15. Ne5 Nxe5 16. dxe5 1/2-1/2

[Event "Oberliga Bayern 1920"]
[Site "Bayern"]
[Date "2019.10.20"]
[Round "1.5"]
[White "Hinterreiter, Markus"]
[Black "Schimpf, Markus"]
[Result "1/2-1/2"]
[WhiteElo "2137"]
[BlackElo "2207"]
[PlyCount "73"]
[EventDate "2019.10.20"]
[EventType "team-tourn"]
[EventRounds "9"]
[EventCountry "GER"]
[SourceTitle "EXT 2022"]
[Source "ChessBase"]
[SourceDate "2021.10.06"]
[SourceVersion "1"]
[SourceVersionDate "2021.10.06"]
[SourceQuality "1"]
[WhiteTeam "Trostberg"]
[BlackTeam "Garching II"]
[WhiteTeamCountry "GER"]
[BlackTeamCountry "GER"]

1. e4 c5 2. c3 Nf6 3. e5 Nd5 4. d4 cxd4 5. Nf3 e6 6. cxd4 d6 7. Bc4 Nc6 8. 0-0 Be7 9. Bd2 0-0 10. Nc3 dxe5 11. dxe5 Nb6 12. Bb5 a6 13. Bxc6 bxc6 14. Ne4 Bb7 15. Be3 c5 16. Nxc5 Bd5 17. Qd4 Nc4 18. Rac1 Nxe3 19. Qxe3 Bxa2 20. Ra1 Bxc5 21. Qxc5 Bd5 22. Rfc1 Qb8 23. Rc2 Qb7 24. Qe3 Rfc8 25. Rac1 h6 26. h3 Rxc2 27. Rxc2 Rc8 28. Rxc8+ Qxc8 29. Ne1 Qc4 30. f3 Qb4 31. Nd3 Qb3 32. Qd2 Qb6+ 33. Qf2 Qb5 34. Qd4 Qb3 35. Nf4 Qb7 36. h4 g6 37. h5 1/2-1/2

[Event "BL2-Ost 1819"]
[Site "Germany"]
[Date "2018.12.15"]
[Round "3.4"]
[White "Schimpf, Markus"]
[Black "Koepke, Christian"]
[Result "1/2-1/2"]
[WhiteElo "2292"]
[BlackElo "2334"]
[PlyCount "39"]
[EventDate "2018.11.10"]
[EventType "team-tourn"]
[EventRounds "10"]
[EventCountry "GER"]
[SourceTitle "CBM 190 Extra"]
[Source "ChessBase"]
[SourceDate "2019.07.15"]
[SourceVersion "1"]
[SourceVersionDate "2019.07.15"]
[SourceQuality "1"]
[WhiteTeam "Muenchen SC"]
[BlackTeam "Garching"]
[WhiteTeamCountry "GER"]
[BlackTeamCountry "GER"]

1. d4 d5 2. Bf4 Nf6 3. e3 e6 4. Nf3 Bd6 5. Bg3 0-0 6. Bd3 b6 7. Nbd2 Bb7 8. Ne5 Ne4 9. Nxe4 dxe4 10. Qg4 Nd7 11. Bh4 Be7 12. Bxe7 Qxe7 13. Nxd7 Qxd7 14. Qf4 Qd6 15. Qxd6 cxd6 16. c4 Rfc8 17. 0-0 Rc7 18. Rfc1 Rac8 19. Rc3 d5 20. Rac1 1/2-1/2

[Event "BL2-Ost 1819"]
[Site "Germany"]
[Date "2018.11.11"]
[Round "2.7"]
[White "Schimpf, Markus"]
[Black "Ribli, Zoltan"]
[Result "0-1"]
[WhiteElo "2292"]
[BlackElo "2537"]
[PlyCount "50"]
[EventDate "2018.11.10"]
[EventType "team-tourn"]
[EventRounds "10"]
[EventCountry "GER"]
[SourceTitle "CBM 190 Extra"]
[Source "ChessBase"]
[SourceDate "2019.07.15"]
[SourceVersion "1"]
[SourceVersionDate "2019.07.15"]
[SourceQuality "1"]
[WhiteTeam "Muenchen SC"]
[BlackTeam "Muenchen Bayern"]
[WhiteTeamCountry "GER"]
[BlackTeamCountry "GER"]

1. d4 Nf6 2. Nf3 d5 3. Bf4 c5 4. e3 Nc6 5. Nbd2 Qb6 6. dxc5 Qxb2 7. Rb1 Qc3 8. Bb5 e6 9. 0-0 Be7 10. Be5 Qxc5 11. c4 0-0 12. Nb3 Qb6 13. Ba1 Bd7 14. Nbd4 Qc7 15. cxd5 exd5 16. Rc1 Qd6 17. Bd3 Rfd8 18. Nb5 Qb8 19. h3 a6 20. Nc3 b5 21. Bb1 Be8 22. Qd3 Ne5 23. Nxe5 Qxe5 24. Nxb5 Qxa1 25. Nc3 Qb2 0-1

[Event "Munich OIS op 37th"]
[Site "Munich"]
[Date "2017.10.02"]
[Round "3"]
[White "Schimpf, Markus"]
[Black "Heer, Stephan"]
[Result "1-0"]
[WhiteElo "2300"]
[BlackElo "2075"]
[PlyCount "81"]
[EventDate "2017.09.30"]
[EventType "swiss"]
[EventRounds "9"]
[EventCountry "GER"]
[SourceTitle "CBM 181 Extra"]
[Source "ChessBase"]
[SourceDate "2017.12.12"]
[SourceVersion "1"]
[SourceVersionDate "2017.12.12"]
[SourceQuality "1"]

1. d4 Nf6 2. c4 e6 3. Nc3 c5 4. d5 exd5 5. cxd5 d6 6. Nf3 g6 7. Qa4+ Nbd7 8. Bf4 b5 9. Nxb5 Qb6 10. e4 a6 11. Nd2 Rb8 12. Nxd6+ Bxd6 13. Nc4 Bxf4 14. Nxb6 Rxb6 15. Qc2 0-0 16. Bd3 Be5 17. Rb1 Bd4 18. 0-0 Ne5 19. Be2 Bd7 20. h3 Rfb8 21. b3 Bb5 22. Kh2 Ned7 23. f4 Bxe2 24. Qxe2 Re8 25. e5 Nxd5 26. Qf3 Ne3 27. Rfe1 Nf5 28. Qd5 Nf8 29. g4 Ne7 30. Qf3 Re6 31. b4 f6 32. exf6 Nc6 33. Rxe6 Rxe6 34. g5 cxb4 35. Qd5 Bc3 36. Rd1 h6 37. h4 hxg5 38. hxg5 a5 39. Qc4 Kf7 40. Rd6 Ne5 41. Qc7+ 1-0

[Event "Munich op 23rd"]
[Site "Munich"]
[Date "2003.10.04"]
[Round "8"]
[White "Unger, Michael"]
[Black "Schimpf, Markus"]
[Result "1/2-1/2"]
[WhiteElo "2235"]
[BlackElo "2271"]
[PlyCount "96"]
[EventDate "2003.09.27"]
[EventType "swiss"]
[EventRounds "9"]
[EventCountry "GER"]
[SourceTitle "EXT 2004"]
[Source "ChessBase"]
[SourceDate "2003.11.25"]
[SourceVersion "1"]
[SourceVersionDate "2003.11.25"]
[SourceQuality "1"]

1. Nc3 d5 2. e4 d4 3. Nce2 c5 4. Ng3 Nc6 5. Bc4 Nf6 6. Nf3 Bg4 7. 0-0 a6 8. d3 e6 9. h3 Bxf3 10. Qxf3 Bd6 11. Qe2 Bxg3 12. fxg3 h6 13. a3 Ne5 14. Ba2 Qd7 15. Bd2 Qc6 16. g4 Nfd7 17. Rac1 Qb5 18. b4 Rc8 19. Qf2 b6 20. Bc4 Qa4 21. bxc5 bxc5 22. Bb3 Qc6 23. Rb1 0-0 24. g5 hxg5 25. Bxg5 c4 26. dxc4 Qxe4 27. Rbe1 Qg6 28. Bh4 Nc6 29. Ba4 e5 30. Qf3 Qe6 31. Qd5 Nb6 32. Qxe6 fxe6 33. Rxf8+ Kxf8 34. Bb3 Kf7 35. Bg3 Nd7 36. Ba4 Ke7 37. Bxc6 Rxc6 38. Bxe5 Nxe5 39. Rxe5 Rxc4 40. Re2 Kd6 41. Kf1 Ra4 42. Re4 Kd5 43. Rg4 Rc4 44. Rxg7 Rxc2 45. h4 d3 46. h5 Ke4 47. Ke1 e5 48. h6 Rc1+ 1/2-1/2

[Event "Munich op 23rd"]
[Site "Munich"]
[Date "2003.10.03"]
[Round "7"]
[White "Scheckenbach, Franz"]
[Black "Schimpf, Markus"]
[Result "0-1"]
[WhiteElo "2144"]
[BlackElo "2271"]
[PlyCount "64"]
[EventDate "2003.09.27"]
[EventType "swiss"]
[EventRounds "9"]
[EventCountry "GER"]
[SourceTitle "EXT 2004"]
[Source "ChessBase"]
[SourceDate "2003.11.25"]
[SourceVersion "1"]
[SourceVersionDate "2003.11.25"]
[SourceQuality "1"]

1. e4 c5 2. Nf3 d6 3. d4 cxd4 4. Nxd4 Nf6 5. Nc3 a6 6. Bg5 e6 7. f4 Be7 8. Qf3 Qa5 9. 0-0-0 Bd7 10. Bd3 Nc6 11. Nb3 Qc7 12. f5 Ne5 13. Qe2 b5 14. a3 Rb8 15. Kb1 0-0 16. Bf4 Rfc8 17. g4 Nc4 18. Bc1 Nxa3+ 19. bxa3 Qxc3 20. Bb2 Qc7 21. g5 Ne8 22. f6 Bf8 23. e5 dxe5 24. Bxe5 Bd6 25. Bb2 Bc6 26. Rhf1 b4 27. Bxh7+ Kxh7 28. Qh5+ Kg8 29. fxg7 Nxg7 30. Bxg7 Kxg7 31. Qh6+ Kg8 32. Rxd6 Be4 0-1

[Event "Duesseldorf Cup 10th"]
[Site "Duesseldorf"]
[Date "1998.??.??"]
[Round "?"]
[White "Schimpf, Markus"]
[Black "Siemes, Robert"]
[Result "0-1"]
[WhiteElo "1985"]
[BlackElo "2040"]
[PlyCount "68"]
[EventDate "1998.??.??"]
[EventType "swiss"]
[EventRounds "5"]
[EventCountry "GER"]
[SourceTitle "EXT 2003"]
[Source "ChessBase"]
[SourceDate "2002.11.25"]
[SourceVersion "1"]
[SourceVersionDate "2002.11.25"]
[SourceQuality "1"]

1. d4 Nf6 2. c4 g6 3. Nc3 Bg7 4. e4 d6 5. f3 0-0 6. Bg5 a6 7. Qd2 c5 8. d5 b5 9. cxb5 Nbd7 10. Nh3 Qa5 11. Nf2 Nb6 12. Be2 axb5 13. Nxb5 Qxd2+ 14. Kxd2 h6 15. Be3 Nfd7 16. Rhb1 Ne5 17. b3 f5 18. Kc2 g5 19. a4 f4 20. Bd2 c4 21. a5 Nd3 22. Ra4 Nxd5 23. Nxd3 cxd3+ 24. Bxd3 Ne3+ 25. Bxe3 fxe3 26. Bc4+ Kh8 27. Kd3 Be5 28. Nc7 Ra7 29. Nd5 e6 30. Nxe3 d5 31. exd5 exd5 32. Bxd5 Rd8 33. Rc1 Bf4 34. Rc5 Rad7 0-1

[Event "Duesseldorf Cup 10th"]
[Site "Duesseldorf"]
[Date "1998.??.??"]
[Round "?"]
[White "Schulz, K."]
[Black "Schimpf, Markus"]
[Result "0-1"]
[WhiteElo "1875"]
[BlackElo "1985"]
[PlyCount "60"]
[EventDate "1998.??.??"]
[EventType "swiss"]
[EventRounds "5"]
[EventCountry "GER"]
[SourceTitle "EXT 2003"]
[Source "ChessBase"]
[SourceDate "2002.11.25"]
[SourceVersion "1"]
[SourceVersionDate "2002.11.25"]
[SourceQuality "1"]

1. d4 Nf6 2. Nf3 g6 3. c4 Bg7 4. Nc3 d5 5. Bf4 0-0 6. e3 c5 7. Be2 cxd4 8. Nxd4 dxc4 9. 0-0 Nd5 10. Bg3 Nxc3 11. bxc3 a6 12. Bxc4 e5 13. Nc2 Qc7 14. Qe2 Nd7 15. e4 Nb6 16. Ne3 Be6 17. Bxe6 fxe6 18. c4 Rad8 19. Rfd1 Qc6 20. f3 Rd4 21. Rab1 Rfd8 22. h3 Na4 23. Rbc1 Bh6 24. Bf2 Bxe3 25. Bxe3 Nc3 26. Rxc3 Rxd1+ 27. Kh2 Qd7 28. Bg5 Rc8 29. c5 Qd4 30. Be3 Qxc3 0-1

[Event "Regionalliga SW 9697"]
[Site "Bayern"]
[Date "1997.??.??"]
[Round "?"]
[White "Pitschka, Claus"]
[Black "Schimpf, Markus"]
[Result "1/2-1/2"]
[WhiteElo "2180"]
[BlackElo "2030"]
[PlyCount "81"]
[EventDate "1996.10.??"]
[EventType "team-tourn"]
[EventRounds "9"]
[EventCountry "GER"]
[SourceTitle "EXT 1999"]
[Source "ChessBase"]
[SourceDate "1998.11.16"]
[SourceVersion "1"]
[SourceVersionDate "1998.11.16"]
[SourceQuality "1"]
[WhiteTeam "Sendling SC"]
[BlackTeam "Muenchen 36 II"]
[WhiteTeamCountry "GER"]
[BlackTeamCountry "GER"]

1. d4 d5 2. Nf3 Nf6 3. c4 c6 4. Nc3 e6 5. e3 Nbd7 6. Bd3 dxc4 7. Bxc4 b5 8. Bd3 a6 9. e4 c5 10. e5 cxd4 11. Nxb5 Nxe5 12. Nxe5 axb5 13. Bxb5+ Bd7 14. Nxd7 Qa5+ 15. Bd2 Qxb5 16. Nxf8 Kxf8 17. a4 Qxb2 18. 0-0 Qb7 19. Rb1 Qd7 20. Rb5 Kg8 21. Qb3 h5 22. Ra1 h4 23. h3 Rh5 24. Rb8+ Rxb8 25. Qxb8+ Kh7 26. a5 Rb5 27. Qf4 Kg8 28. a6 Qa7 29. Qd6 Rd5 30. Qc6 Nd7 31. Ba5 Rc5 32. Qd6 Rc2 33. Rb1 d3 34. Bb6 Nxb6 35. Rxb6 d2 36. Qd8+ Kh7 37. Qxh4+ Kg8 38. Qd8+ Kh7 39. Qd3+ f5 40. Qxc2 Qxb6 41. Qxd2 1/2-1/2

[Event "Landesliga Sued 9596"]
[Site "Bayern"]
[Date "1996.05.19"]
[Round "9"]
[White "Lochte, Thomas"]
[Black "Schimpf, Markus"]
[Result "1-0"]
[WhiteElo "2150"]
[BlackElo "2005"]
[PlyCount "39"]
[EventDate "1995.10.15"]
[EventType "team-tourn"]
[EventRounds "9"]
[EventCountry "GER"]
[SourceTitle "EXT 2020"]
[Source "ChessBase"]
[SourceDate "2019.10.17"]
[SourceVersion "1"]
[SourceVersionDate "2019.10.17"]
[SourceQuality "1"]
[WhiteTeam "Starnberg SC"]
[BlackTeam "Muenchen 36 II"]
[WhiteTeamCountry "GER"]
[BlackTeamCountry "GER"]

1. e4 c5 2. d4 cxd4 3. c3 dxc3 4. Nxc3 Nc6 5. Bc4 e6 6. Nf3 Qc7 7. 0-0 Nf6 8. Bg5 Ng4 9. Nb5 Qb8 10. Bh4 a6 11. Bg3 Nge5 12. Nxe5 Nxe5 13. Rc1 axb5 14. Bxb5 f6 15. Bxe5 fxe5 16. Qh5+ g6 17. Rxc8+ Qxc8 18. Qxe5 Rg8 19. Qxe6+ Kd8 20. Qxg8 1-0

[Event "Landesliga Sued 9596"]
[Site "Bayern"]
[Date "1995.11.05"]
[Round "2"]
[White "Hinkmann, Jens"]
[Black "Schimpf, Markus"]
[Result "1/2-1/2"]
[WhiteElo "2060"]
[BlackElo "1950"]
[PlyCount "106"]
[EventDate "1995.10.15"]
[EventType "team-tourn"]
[EventRounds "9"]
[EventCountry "GER"]
[SourceTitle "EXT 2020"]
[Source "ChessBase"]
[SourceDate "2019.10.17"]
[SourceVersion "1"]
[SourceVersionDate "2019.10.17"]
[SourceQuality "1"]
[WhiteTeam "Tegernsee TV"]
[BlackTeam "Muenchen 36 II"]
[WhiteTeamCountry "GER"]
[BlackTeamCountry "GER"]

1. e4 c5 2. Nc3 Nc6 3. g3 g6 4. Bg2 Bg7 5. d3 d6 6. Be3 e6 7. Qd2 Qa5 8. Nge2 Nd4 9. 0-0 Bd7 10. Rab1 Ne7 11. a3 0-0 12. Nxd4 cxd4 13. Nd5 Qd8 14. Nxe7+ Qxe7 15. Bh6 Bxh6 16. Qxh6 Ba4 17. Qd2 Rfc8 18. c4 dxc3 19. bxc3 Rc7 20. c4 Bc6 21. Qb4 Rd8 22. f4 Qf6 23. Qb2 Qxb2 24. Rxb2 f5 25. exf5 Bxg2 26. Kxg2 gxf5 27. Re1 Kf7 28. a4 Rdd7 29. Rb5 Kf6 30. Kf3 h5 31. Re2 Re7 32. Re1 Rg7 33. Re2 h4 34. Re1 hxg3 35. hxg3 Rh7 36. a5 Rh2 37. Reb1 Ra2 38. R1b2 Rxb2 39. Rxb2 Rc5 40. Rxb7 Rxa5 41. Rd7 d5 42. cxd5 exd5 43. g4 Ke6 44. Rh7 fxg4+ 45. Kxg4 Ra1 46. Rh6+ Ke7 47. Kf5 Rd1 48. Ke5 Rxd3 49. Rh7+ Kf8 50. Rxa7 d4 51. Rd7 Rd1 52. Rxd4 Rxd4 53. Kxd4 Kf7 1/2-1/2

[Event "Regionalliga SW 9495"]
[Site "Bayern"]
[Date "1995.??.??"]
[Round "?.8"]
[White "Schimpf, Markus"]
[Black "Gergen, Harald"]
[Result "0-1"]
[WhiteElo "1835"]
[BlackElo "1915"]
[PlyCount "46"]
[EventDate "1994.10.??"]
[EventType "team-tourn"]
[EventRounds "9"]
[EventCountry "GER"]
[SourceTitle "EXT 1999"]
[Source "ChessBase"]
[SourceDate "1998.11.16"]
[SourceVersion "1"]
[SourceVersionDate "1998.11.16"]
[SourceQuality "1"]
[WhiteTeam "Muenchen 36 II"]
[BlackTeam "Kriegshaber SK"]
[WhiteTeamCountry "GER"]
[BlackTeamCountry "GER"]

1. d4 d5 2. c4 e6 3. Nc3 c5 4. cxd5 cxd4 5. Qa4+ Bd7 6. Qxd4 exd5 7. Qxd5 Nc6 8. a3 Nf6 9. Qd1 Bc5 10. e3 Qe7 11. Nf3 0-0-0 12. Be2 g5 13. b4 Bb6 14. Na4 Bc7 15. Bb2 Kb8 16. Qc2 g4 17. Nd4 Nxd4 18. Bxd4 Bxa4 19. Qxa4 Rxd4 20. exd4 Re8 21. Qc2 Nd5 22. Kf1 Qf6 23. g3 Ne3+ 0-1

[Event "Regionalliga SW 9495"]
[Site "Bayern"]
[Date "1994.??.??"]
[Round "?.7"]
[White "Nierlich, Gerhard"]
[Black "Schimpf, Markus"]
[Result "0-1"]
[WhiteElo "1885"]
[BlackElo "1835"]
[PlyCount "112"]
[EventDate "1994.10.??"]
[EventType "team-tourn"]
[EventRounds "9"]
[EventCountry "GER"]
[SourceTitle "EXT 1999"]
[Source "ChessBase"]
[SourceDate "1998.11.16"]
[SourceVersion "1"]
[SourceVersionDate "1998.11.16"]
[SourceQuality "1"]
[WhiteTeam "Lauingen"]
[BlackTeam "Muenchen 36 II"]
[WhiteTeamCountry "GER"]
[BlackTeamCountry "GER"]

1. d4 Nf6 2. Nf3 g6 3. Bg5 Bg7 4. Nbd2 c5 5. dxc5 Qa5 6. c3 Qxc5 7. e4 d6 8. h3 0-0 9. Qb3 Nc6 10. Be3 Na5 11. Qc2 Qc7 12. Be2 Bd7 13. 0-0 e5 14. Rfd1 Ne8 15. Nb3 Nc6 16. Qd2 f5 17. Bc5 Rf6 18. Bc4+ Kh8 19. Ba3 f4 20. Ng5 Bf8 21. Qd5 Ne7 22. Qd3 Kg7 23. Nc5 Qc8 24. Nb3 h6 25. Nf3 Nc6 26. Rd2 g5 27. Qd5 Be6 28. Qd3 Bxc4 29. Qxc4 g4 30. hxg4 Qxg4 31. Qd3 Rg6 32. Ne1 Rd8 33. Qf3 Qg5 34. Rad1 h5 35. Kf1 Qg4 36. Qxg4 hxg4 37. Nc1 Rh6 38. Ke2 Kf7 39. Ned3 Nf6 40. f3 gxf3+ 41. Kxf3 Be7 42. Nf2 Ke6 43. Ne2 Nh7 44. Nh3 Rxh3+ 45. gxh3 Ng5+ 46. Kg2 f3+ 47. Kg3 fxe2 48. Rxe2 Rf8 49. Re3 Rf4 50. Rde1 Bd8 51. b3 Nxe4+ 52. Rxe4 Bh4+ 53. Kg2 Bxe1 54. Rxe1 a5 55. Bc1 Rf5 56. h4 e4 0-1